Skip to content
VuFind
All Fields
Title
Author
Subject
Call Number
ISBN/ISSN
Tag
Find
Advanced
Contract law
Cite this
Print
Export Record
Export to RefWorks
Export to EndNoteWeb
Export to EndNote
Export to MARC
Contract law
Bibliographic Details
Format:
Book
Holdings
Description
Similar Items
Staff View
MARC
LEADER
00000cam a2200000 7i4500
001
0000009403
002
000010238
005
20000330.0
020
|a
1859411223
090
0
0
|a
344.2062
|b
SUF
245
1
0
|a
Contract law
999
|a
047485
|b
BUKU
|c
PINJAMAN
|e
PERPUSTAKAAN KOMUNITI PETALING JAYA
Similar Items
Contract Law
Contract law and contract practice : bridging the gap between legal reasoning and commercial expectation
by: Mitchell, Catherine
Published: (2013)
Contracts of employment and Malaysian industrial law
by: Marina Netto
Published: (2009)
Contract Caw
by: Stone, Richard
Published: (1992)
Low of contract
by: Major, WT
Published: (1989)